[Event "Moravia-ch7 corr9800"]
[Site "Czech Republic"]
[Date "1998.??.??"]
[Round "?"]
[White "Kuchta, Jiri"]
[Black "Sobora, Vladan"]
[Result "1-0"]
[WhiteElo "2166"]
[BlackElo "2239"]
[PlyCount "21"]
[EventDate "1998.??.??"]
[EventType "tourn (corr)"]
[EventRounds "16"]
[EventCountry "CZE"]
[SourceTitle "Corr 2002"]
[Source "ChessBase"]
[SourceDate "2002.05.23"]
[SourceVersion "1"]
[SourceVersionDate "2002.05.23"]
[SourceQuality "1"]

1. d4 Nf6 2. Nf3 e6 3. Bg5 c5 4. e3 cxd4 5. exd4 Nc6 6. c3 d5 7. Bd3 Be7 8. 0-0 0-0 9. Nbd2 h6 10. Bh4 a6 11. Re1 1-0